[Event "Le Touquet op 22nd B"]
[Site "Le Touquet"]
[Date "2007.10.31"]
[Round "7.17"]
[White "Holuigue, Andre"]
[Black "Turlin, Simon"]
[Result "1-0"]
[WhiteElo "1750"]
[BlackElo "1600"]
[PlyCount "55"]
[EventDate "2007.10.27"]
[EventType "swiss"]
[EventRounds "9"]
[EventCountry "FRA"]
[SourceTitle "EXT 2024"]
[Source "ChessBase"]
[SourceDate "2023.10.10"]
[SourceVersion "1"]
[SourceVersionDate "2023.10.10"]
[SourceQuality "1"]

1. d4 d5 2. e3 Nf6 3. Bd3 e6 4. Nf3 Bd6 5. 0-0 0-0 6. Nbd2 Nbd7 7. Re1 b6 8. e4 dxe4 9. Nxe4 Be7 10. Ne5 Bb7 11. Ng3 Rc8 12. Nh5 Re8 13. Bg5 Nxh5 14. Bxe7 Rxe7 15. Qxh5 Nf6 16. Qh4 Re8 17. Rad1 Qd5 18. Qg3 h6 19. c4 Qa5 20. a3 c5 21. dxc5 Qxc5 22. b4 Qe7 23. Qh3 Kf8 24. Bg6 Red8 25. Bxf7 Rxd1 26. Rxd1 Qc7 27. Qxe6 Rd8 28. Ng6# 1-0

[Event "Le Touquet op Seniors"]
[Site "Le Touquet"]
[Date "2002.??.??"]
[Round "2"]
[White "Moutaux, Robert"]
[Black "Holuigue, Andre"]
[Result "1-0"]
[WhiteElo "1990"]
[BlackElo "1610"]
[PlyCount "99"]
[EventDate "2002.10.??"]
[EventType "swiss"]
[EventRounds "7"]
[EventCountry "FRA"]
[SourceTitle "EXT 2003"]
[Source "ChessBase"]
[SourceDate "2002.11.25"]
[SourceVersion "1"]
[SourceVersionDate "2002.11.25"]
[SourceQuality "1"]

1. e4 d6 2. d4 Nf6 3. Nc3 g6 4. f4 Bg7 5. Nf3 0-0 6. Bd3 Bg4 7. h3 Bxf3 8. Qxf3 Nc6 9. Be3 Nb4 10. 0-0-0 c6 11. g4 Qa5 12. a3 Nxd3+ 13. Rxd3 b5 14. e5 Nd7 15. Qxc6 Nb6 16. Qxb5 Qxb5 17. Nxb5 Nc4 18. b3 Nxe3 19. Rxe3 dxe5 20. dxe5 a6 21. Nd4 Rac8 22. Rd1 Rc7 23. Red3 Rfc8 24. c4 e6 25. Nc2 Bf8 26. Rd8 Kg7 27. Rxc8 Rxc8 28. Kb2 a5 29. Kc3 Be7 30. b4 axb4+ 31. axb4 g5 32. f5 exf5 33. gxf5 Bd8 34. Rd7 Bc7 35. e6 Be5+ 36. Kd3 Rf8 37. Ne3 Kf6 38. Ke4 Bb2 39. Nd5+ Kg7 40. e7 Rc8 41. Nc7 h5 42. e8Q Rxe8+ 43. Nxe8+ Kf8 44. Nd6 g4 45. hxg4 h4 46. g5 h3 47. f6 Kg8 48. Rd8+ Kh7 49. Kf5 h2 50. Nxf7 1-0

[Event "Le Touquet op Seniors"]
[Site "Le Touquet"]
[Date "2002.??.??"]
[Round "4"]
[White "Piankov, Evgenij"]
[Black "Holuigue, Andre"]
[Result "1-0"]
[WhiteElo "2345"]
[BlackElo "1610"]
[PlyCount "75"]
[EventDate "2002.10.??"]
[EventType "swiss"]
[EventRounds "7"]
[EventCountry "FRA"]
[SourceTitle "EXT 2003"]
[Source "ChessBase"]
[SourceDate "2002.11.25"]
[SourceVersion "1"]
[SourceVersionDate "2002.11.25"]
[SourceQuality "1"]

1. d4 Nf6 2. Nf3 g6 3. Bg5 Ne4 4. Bh4 Bg7 5. Nbd2 d5 6. e3 Nxd2 7. Qxd2 0-0 8. c4 c6 9. Rc1 Nd7 10. cxd5 cxd5 11. Bd3 Nf6 12. 0-0 Bg4 13. Ne5 Qd6 14. Nxg4 Nxg4 15. Bg3 e5 16. Be2 Nh6 17. dxe5 Bxe5 18. e4 Rfd8 19. Qxh6 d4 20. Rfd1 Rac8 21. Rxc8 Rxc8 22. Qd2 Qe6 23. Bxe5 Qxe5 24. Qxd4 Qxd4 25. Rxd4 Rc2 26. Bc4 Rxb2 27. f4 b5 28. Bb3 a5 29. Rd7 a4 30. Bxf7+ Kh8 31. e5 b4 32. Ra7 a3 33. Bb3 Re2 34. Rb7 Re4 35. g3 h6 36. e6 g5 37. Bd5 Rd4 38. e7 1-0